Κατάλογος Βιβλιοθηκών Mediterranean College

Βήματα Προς το Στρατηγικό Μάνατζμεντ / Οδηγός για Επιχειρηματίες (Record no. 986)

MARC details
000 -LEADER
fixed length control field 03492cam a22002054a 4500
005 - ΗΜΕΡΟΜΗΝΙΑ ΚΑΙ ΩΡΑ ΤΕΛΕΥΤΑΙΑΣ ΕΝΗΜΕΡΩΣΗΣ
Πεδίο ελέγχου 20250605163952.0
008 - FIXED-LENGTH DATA ELEMENTS--GENERAL INFORMATION
Πεδίο ελέγχου σταθερού μήκους 250528s ||||||||||||||||||||||||d
035 ## - SYSTEM CONTROL NUMBER
System control number 15404
020 ## - ISBN
ISBN 9602390581
040 ## - ΠΗΓΗ ΚΑΤΑΛΟΓΟΓΡΑΦΗΣΗΣ
Φορέας πρωτότυπης καταλογογράφησης MC Athens Campus Library
Γλώσσα καταλογογράφησης Ελληνικά, Μοντέρνα (1453-)
Modifying agency MC Athens Campus Library
Κανόνες περιγραφικής καταλογογράφησης AACR2
245 1# - ΤΙΤΛΟΣ ΚΑΙ ΔΗΛΩΣΗ ΥΠΕΥΘΥΝΟΤΗΤΑΣ
Τίτλος Βήματα Προς το Στρατηγικό Μάνατζμεντ / Οδηγός για Επιχειρηματίες
260 ## - PUBLICATION, DISTRIBUTION, ETC.
Name of publisher, distributor, etc. Μαλλιάρης-Παιδεία,
Date of publication, distribution, etc. 1990
300 ## - PHYSICAL DESCRIPTION
Extent 288
505 0# - FORMATTED CONTENTS NOTE
Formatted contents note Πρόλογος, Εισαγωγή, Περιγραφή του Επιχειρηματικού Στρατηγικού Μάνατζμεντ, Προσδιορισμός Προσωπικών και Επιχειρηματικών Στόχων, Αλληλεξάρτηση Επιχειρηματικών και Προσωπικών Στόχων, Ο Πελάτης Επεξεργάζεται και Διαμορφώνει Οριστικά τον Προσδιορισμό των Στόχων του, Αξιολόγηση των Εξωτερικών Απειλών και Δυνατοτήτων, Ο Πελάτης Αξιολογεί τους Εξωτερικούς Παράγοντες που Επηρεάζουν την Επιχείρηση του Κατανοώντας το Ανταγωνιστικό Περιβάλλον, Ο Πελάτης Αναλύει το Ανταγωνιστικό Περιβάλλον, Η Πρόβλεψη του Μέλλοντος, Ο Πελάτης Διαμορφώνει Σενάρια για το Μέλλον, Η Διαμόρφωση Στρατηγικών, Ο Πελάτης Αξιολογεί τις Προτεινόμενες Στρατηγικές, Ο Πελάτης Αναπτύσσει ένα Χρονοδιάγραμμα για το Στρατηγικό Έλεγχο, Οι 9 Φάσεις του Επιχειρηματικού Μάνατζμεντ, Προτάσεις για Περαιτέρω Διάβασμα, Ευρετήριο.
520 ## - SUMMARY, ETC.
Summary, etc. Πρόλογος, Εισαγωγή, Περιγραφή του Επιχειρηματικού Στρατηγικού Μάνατζμεντ, Προσδιορισμός Προσωπικών και Επιχειρηματικών Στόχων, Αλληλεξάρτηση Επιχειρηματικών και Προσωπικών Στόχων, Ο Πελάτης Επεξεργάζεται και Διαμορφώνει Οριστικά τον Προσδιορισμό των Στόχων του, Αξιολόγηση των Εξωτερικών Απειλών και Δυνατοτήτων, Ο Πελάτης Αξιολογεί τους Εξωτερικούς Παράγοντες που Επηρεάζουν την Επιχείρηση του Κατανοώντας το Ανταγωνιστικό Περιβάλλον, Ο Πελάτης Αναλύει το Ανταγωνιστικό Περιβάλλον, Η Πρόβλεψη του Μέλλοντος, Ο Πελάτης Διαμορφώνει Σενάρια για το Μέλλον, Η Διαμόρφωση Στρατηγικών, Ο Πελάτης Αξιολογεί τις Προτεινόμενες Στρατηγικές, Ο Πελάτης Αναπτύσσει ένα Χρονοδιάγραμμα για το Στρατηγικό Έλεγχο, Οι 9 Φάσεις του Επιχειρηματικού Μάνατζμεντ, Προτάσεις για Περαιτέρω Διάβασμα, Ευρετήριο.
700 1# - ΠΡΟΣΘΕΤΗ ΑΝΑΓΡΑΦΗ--ΦΥΣΙΚΟ ΠΡΟΣΩΠΟ
Personal name Molz Rick
9 (RLIN) 1323
942 ## - ADDED ENTRY ELEMENTS (KOHA)
Koha item type Books
Holdings
Τύπος τεκμηρίου Βιβλιοθήκη Τρέχουσα τοποθεσία Barcode Αριθμός εισαγωγής Ημερομηνία απόκτησης Ταξιθετικό σύμβολο Αριθμός αντιτύπου Κατάσταση απόσυρσης Κατάσταση χαμένου Κατάσταση κατεστραμμένου Μη δανεισμός Σύνολο δανεισμών Ημερομηνία τελευταίας εμφάνισης Η τιμή ισχύει από
Books MC Athens Campus Library MC Athens Campus Library 9780000009852 1737 05/06/2025 658.4012 MOL 1           05/06/2025 05/06/2025

MC Athens Campus Library
Πατησίων 94 & Κοδριγκτώνος 13, 104 34
Πελλήνης 8 & Πατησίων 107, 112 51
Τ: +30 210 8899600

MC Thessaloniki Campus Library
Ίωνος Δραγούμη 21, 54625 | Ίωνος Δραγούμη 15, 54625
Τ: +30 2310 287779 – Τ: +30 2314 440300